Obálka Náhled e-knihy:
PDF Epub
Pro půjčování e-knih musíte být přihlášeni.
Jak si půjčit online?

Družina Horských šelem. Výprava za nalezením duše hvozdu /

Pokračování fantasy série o dobrodružstvích družiny Horských šelem. Parta přátel se tentokrát musí vydat hluboko do kouzelného hvozdu, aby mu navrátili moc a sílu.

Uloženo v:
Série:Družina Horských šelem, část 7
Hlavní autor: Eismann, Petr, 1981- (Autor)
Médium: E-kniha
Jazyk:Czech
Vydáno: [Praha] : Jonathan Livingston, 2024
Témata:
Příbuzné jednotky:Z cyklu:: Družina Horských šelem
Tagy:
Žádné tagy
LEADER 02465nam a2200397 i 4500
001 312450
003 CZ PrSKC
005 20260601215723.0
007 ta
008 240612s2024 xr a g 000 f cze
015 |a cnb003611313 
020 |a 9788075513410  |q (brožováno) 
035 |a (OCoLC)1451770096 
040 |a ABG001  |b cze  |e rda 
072 7 |a 821.162.3-3  |x Česká próza  |2 Konspekt 
080 |a 821.162.3-31  |2 MRF 
080 |a (0:82-312.9)  |2 MRF 
100 1 |a Eismann, Petr,  |d 1981-  |7 xx0246498  |4 aut 
245 1 0 |a Družina Horských šelem.  |p Výprava za nalezením duše hvozdu /  |c Petr Eismann 
246 3 0 |a Výprava za nalezením duše hvozdu 
264 1 |a [Praha] :  |b Jonathan Livingston,  |c 2024 
300 |a 422 stran :  |b ilustrace ;  |c 17 cm 
336 |a text  |b txt  |2 rdacontent 
337 |a bez média  |b n  |2 rdamedia 
338 |a svazek  |b nc  |2 rdacarrier 
520 2 |a Pokračování fantasy série o dobrodružstvích družiny Horských šelem. Parta přátel se tentokrát musí vydat hluboko do kouzelného hvozdu, aby mu navrátili moc a sílu.  |b Po krutých bojích, které dávaly zpočátku naději na slavné vítězství, byly síly dobra poraženy a zbytky civilizace se ukryly pod ochranu mocného hvozdu. Bezpečí pod korunami stromů se ale ukazuje být jen zdánlivé. Pod náporem nemrtvých nepřátel hvozd chřadne a s ním i ochrana, která je poskytována těm, kdož se v něm ukryli. Aby bylo možné obnovit moc hvozdu, budou se muset vypravit naši hrdinové do legendami opředeného hvozdu, rozprostírajícího se kdesi uprostřed kontinentu. Podaří se jim najít jeho duši, pomocí níž by obnovili chřadnoucí hvozd v jejich domovině? Nakladatelská anotace. Kráceno. 
655 7 |a české romány  |7 fd133974  |2 czenas 
655 7 |a fantasy romány  |7 fd184199  |2 czenas 
655 9 |a Czech fiction  |2 eczenas 
655 9 |a fantasy novels  |2 eczenas 
787 0 8 |i Z cyklu:  |t Družina Horských šelem  |g 7 
900 |a ABA001  |b 20 
044 |a xr 
910 |a RBIT002 
998 |d 407530  |a https://core.palmknihy.cz/api/books/407530/cover?she92n  |b https://core.palmknihy.cz/api/books/407530/cover/400?she92n  |c https://core.palmknihy.cz/api/books/407530/cover/50?she92n  |e 2029-06-30  |g 428  |i 9788075513410  |j https://core.palmknihy.cz/api/books/407530/preview.epub  |k https://core.palmknihy.cz/api/books/407530/preview.pdf  |l   |q 49  |r 1  |s https://www.palmknihy.cz/kniha/407530  |t ebook  |y 2024  |z 0  |v Družina Horských šelem  |w 7 
999 |d 312448